000
00307nam a22001337a 4500
008
190204b xxu||||| |||| 00| 0 eng d
020
_a
9781451150223
041
_a
eng
080
_a
610.73
100
_a
2
101
_a
INF
245
_a
2013 Lipincott's Nursing Drug Guide
_c
Karch, A.M
942
_2
udc
_c
BK
999
_c
53925
_d
53925